000 01373nam a22002417a 4500
999 _c63837
_d63837
003 Ge_BSU
005 20260202153307.0
008 260202s1959 ge ||||| |||| 00| 0 geo d
041 _ageo
080 _a338(479.22)(09) გ-92
100 _aგუგუშვილი, პ.
_918004
245 _aსაქართველოსა და ამიერკავკასიის ეკონომიკური განვითარება XIX - XX საუკუნეებში :
_b ტომი 3. მონოგრაფიები. /
_cპ. გუგუშვილი; რედ. ნ.ნარმანია.
264 _aთბილისი:
_bსახელგამი,
_c1959.
300 _a878 გვ.;
_b20 სმ.
500 _aგაშლილი თავფურც. რუს. ენ.
501 _aდანართი: საძიებლები, გვ. 847-877.
504 _aბიბლიოგრაფია შენიშვნებში.
653 _aსაქართველოს ეკონომიკა
653 _aამიერკავკასიის ეკონომიკა
653 _aსაქართველოს ისტორია -- XIX-XXსს
700 _aნარმანია, ნ.
_eრედაქტორი
_97457
942 _2udc
_cᲬᲘᲒᲜᲘ